Integration of plasmonic nanoparticles in 3D printing; Междисциплинарные проблемы аддитивных технологий

Bibliographische Detailangaben
Parent link:Междисциплинарные проблемы аддитивных технологий.— 2017.— [С. 59]
Körperschaften: Национальный исследовательский Томский политехнический университет (ТПУ) Институт физики высоких технологий (ИФВТ) Кафедра лазерной и световой техники (ЛиСТ), Национальный исследовательский Томский политехнический университет (ТПУ) Институт природных ресурсов (ИПР) Кафедра технологии органических веществ и полимерных материалов (ТОВПМ)
Weitere Verfasser: Sapunova A., Rodriguez (Rodriges) Contreras R. D. Raul David, Fedorov V. V. Vasilii Viktorovich, Postnikov P. S. Pavel Sergeevich, Olshtrem A., Knyazeva A. G. Anna Georgievna, Sheremet E. S. Evgeniya Sergeevna
Zusammenfassung:Заглавие с титульного экрана
Sprache:Englisch
Veröffentlicht: 2017
Schlagworte:
Online-Zugang:http://earchive.tpu.ru/handle/11683/45848
Format: Elektronisch Buchkapitel
KOHA link:https://koha.lib.tpu.ru/cgi-bin/koha/opac-detail.pl?biblionumber=625961

MARC

LEADER 00000naa2a2200000 4500
001 625961
005 20250915101416.0
035 |a (RuTPU)RU\TPU\conf\25238 
035 |a RU\TPU\conf\25237 
090 |a 625961 
100 |a 20180112d2017 k y0rusy50 ba 
101 0 |a eng 
102 |a RU 
105 |a y z 101zy 
135 |a drcn ---uucaa 
181 0 |a i  
182 0 |a b 
200 1 |a Integration of plasmonic nanoparticles in 3D printing  |f A. Sapunova [et al.] 
203 |a Текст  |c электронный 
300 |a Заглавие с титульного экрана 
320 |a [Библиогр.: с. 59 (2 назв.)] 
463 1 |0 (RuTPU)RU\TPU\conf\25207  |t Междисциплинарные проблемы аддитивных технологий  |o сборник тезисов III Всероссийского научного семинара с международным участием, 4-6 декабря 2017, Томск  |f Национальный исследовательский Томский политехнический университет (ТПУ) ; под ред. А. Г. Князевой  |v [С. 59]  |d 2017 
610 1 |a электронные ресурсы 
610 1 |a труды учёных ТПУ 
610 1 |a наночастицы 
610 1 |a портативные устройства 
610 1 |a оптическое зондирование 
610 1 |a 3D-печать 
610 1 |a наноматериалы 
610 1 |a плазмоны 
701 1 |a Sapunova  |b A. 
701 1 |a Rodriguez (Rodriges) Contreras  |b R. D.  |c Venezuelan physicist, doctor of science  |c Professor of Tomsk Polytechnic University  |f 1982-  |g Raul David  |3 (RuTPU)RU\TPU\pers\39942  |9 21179 
701 1 |a Fedorov  |b V. V.  |c Specialist in the field of lightning engineering  |c Director of Research and Education Center Tomsk Polytechnic University  |f 1983-  |g Vasilii Viktorovich  |3 (RuTPU)RU\TPU\pers\37531 
701 1 |a Postnikov  |b P. S.  |c organic chemist  |c Associate Professor of Tomsk Polytechnic University, Candidate of chemical sciences  |f 1984-  |g Pavel Sergeevich  |3 (RuTPU)RU\TPU\pers\31287  |9 15465 
701 1 |a Olshtrem  |b A. 
701 1 |a Knyazeva  |b A. G.  |c Russian physicist  |c Professor of Tomsk Polytechnic University, doctor of physico-mathematical Sciences  |f 1962-  |g Anna Georgievna  |3 (RuTPU)RU\TPU\pers\32712  |9 16597 
701 1 |a Sheremet  |b E. S.  |c physicist  |c Professor of Tomsk Polytechnic University  |f 1988-  |g Evgeniya Sergeevna  |3 (RuTPU)RU\TPU\pers\40027  |9 21197 
712 0 2 |a Национальный исследовательский Томский политехнический университет (ТПУ)  |b Институт физики высоких технологий (ИФВТ)  |b Кафедра лазерной и световой техники (ЛиСТ)  |3 (RuTPU)RU\TPU\col\18690 
712 0 2 |a Национальный исследовательский Томский политехнический университет (ТПУ)  |b Институт природных ресурсов (ИПР)  |b Кафедра технологии органических веществ и полимерных материалов (ТОВПМ)  |3 (RuTPU)RU\TPU\col\18659 
801 2 |a RU  |b 63413507  |c 20191129  |g RCR 
850 |a 63413507 
856 4 |u http://earchive.tpu.ru/handle/11683/45848 
942 |c BK